Are intergovernmental transfers in Russia equalizing?

Gespeichert in:
Bibliographische Detailangaben
1. Verfasser: Stewart, Kitty
Format: Buch
Sprache:Englisch
Veröffentlicht: San Domenico (FI) European University Institute 1997
Schriftenreihe:EUI Working paper ECO No. 97/22
Schlagworte:
Tags: Tag hinzufügen
Keine Tags, Fügen Sie das erste Tag hinzu!

MARC

LEADER 00000nam a2200000 4500
001 c133432
005 20221124073055.5
041 0 |a eng 
044 |a IT 
245 1 0 |a Are intergovernmental transfers in Russia equalizing?  |c Kitty Stewart 
264 1 |a San Domenico (FI)  |b European University Institute  |c 1997 
300 |a 51 s. 
490 1 |a EUI Working paper ECO  |v No. 97/22 
830 0 |a EUI Working paper ECO  |v No. 97/22 
610 2 0 |a SVE 
610 2 0 |a transformácia 
610 2 0 |a Rusko 
610 2 0 |a decentralizácia 
610 2 0 |a politika fiškálna 
100 1 |a Stewart, Kitty